| 000 | 00732nam a22002417a 4500 | ||
|---|---|---|---|
| 008 | 240605b mp ||||| |||| 00| 0 mon d | ||
| 020 | _a978-99973-1-812-1 | ||
| 035 | _a25525 | ||
| 040 |
_aHE0623081 _bmon _cMN-UlNLM _dMN-UlNLM _erda |
||
| 041 | _amon | ||
| 042 | _a59364 | ||
| 084 |
_2NNA _a84(0)-44 _bВ.67 |
||
| 100 | _aВоллиамс Д | ||
| 245 | 0 | _aХархтай бургер | |
| 264 |
_aУБ. _bМонсудар хэвлэлийн газар _c2022 |
||
| 300 | _a329х. | ||
| 336 |
_2rdacontent _atext _btxt |
||
| 337 |
_2rdamedia _aunmediated _bn |
||
| 338 |
_2rdacarrier _avolume _bnc |
||
| 650 | _aЭлэг хөшөөм хөгжилтэй ном | ||
| 942 |
_2NNA _cBK |
||
| 999 |
_c895209 _d895266 |
||